Statistics for NFL Players Who: Returned 3+ Punts for TDs in a Season

Click here to take the quiz!

General Stats

  • This quiz has been taken 170 times
  • The average score is 4 of 15

Answer Stats

YearTDsPlayer% Correct
20103Devin Hester
96%
20074Devin Hester
96%
20063Devin Hester
96%
19753Billy Johnson
29%
20063Adam Jones
22%
20114Patrick Peterson
18%
19963Desmond Howard
12%
19973Eric Metcalf
9%
19764Rick Upchurch
7%
20083Reggie Bush
6%
19813LeRoy Irvin
3%
19513Emlen Tunnell
2%
19973Darrien Gordon
1%
19514Jack Christiansen
1%
20083Johnnie Lee Higgins
1%

Score Distribution

Percentile by Number Answered

Percent of People with Each Score

Your Score History

You have not taken this quiz